LEADER 01115nam a2200265 i 4500 001 991003428989707536 008 000705s|||| de ||| | ger 020 $a3110167875$c97000 035 $ab11160123-39ule_inst 035 $aPARLA181705$9ExL 040 $aDip.to Scienze Storiche Fil. e Geogr.$bita 082 04$a113 082 04$a193 100 1 $aLefevre, Wolfgang$044371 245 10$aKants naturtheoretische Begriffe (1747-1780) :$beine Datenbank zu ihren expliziten und impliziten Vernetzungen /$cWolfgang Lefevre ; Falk Wunderlich 260 $aBerlin :$bDe Gruyter,$c2000 500 $aTesto in CD-ROM 650 4$aKant, Immanuel$xFilosofia della natura$vDizionario 700 1 $aWunderlich, Falk 907 $a.b11160123$b02-03-17$c28-06-02 912 $a991003428989707536 945 $aLE023 113 LEF CD (Sala Fonti e documenti) $g1$i2009000020382$lle023$nLE009 CD FIL.1 (vecchia collocazione) $o-$pE0.00$q-$rn$so $t6$u0$v0$w0$x0$y.i11303396$z28-06-02 996 $aKants naturtheoretische Begriffe (1747-1780)$9872791 997 $aUNISALENTO 998 $ale023$b01-01-00$cm$da $e-$fger$gde $h0$i1 LEADER 01468nas 2200457-a 450 001 9910142519203321 005 20260218110146.0 035 $a(CKB)111056646014074 035 $a(CONSER)--2003240141 035 $a(DE-599)ZDB2246257-0 035 $a(DE-599)2246257-0 035 $a(EXLCZ)99111056646014074 100 $a20000628a19989999 --- - 101 0 $aspa 181 $ctxt$2rdacontent 182 $cc$2rdamedia 183 $acr$2rdacarrier 200 00$aCiencia UANL $erevista de divulgación científica y tecnológica de la Universidad Autónoma de Nuevo León 210 $aMonterrey, N.L. $cUniversidad Autónoma de Nuevo León 215 $a1 online resource 311 08$aPrint version: Ciencia UANL : 1405-9177 (DLC) 2003240141 (OCoLC)44499399 517 3 $aCiencia Universidad Autónoma de Nuevo León 606 $aScience$zMexico$vPeriodicals 606 $aScience$vPeriodicals 606 $aTechnology$zMexico$vPeriodicals 606 $aScience$2fast$3(OCoLC)fst01108176 606 $aTechnology$2fast$3(OCoLC)fst01145078 607 $aMexico$2fast 608 $aPeriodicals.$2fast 615 0$aScience 615 0$aScience 615 0$aTechnology 615 7$aScience. 615 7$aTechnology. 676 $a050.6 712 02$aUniversidad Auto?noma de Nuevo Leo?n. 906 $aJOURNAL 912 $a9910142519203321 920 $aexl_impl conversion 996 $aCiencia UANL$92087365 997 $aUNINA